La siembra mística del Cardenal Cisnero y las reformas en la iglesia
Guardat en:
| Autor principal: | |
|---|---|
| Format: | Llibre |
| Idioma: | espanyol |
| Publicat: |
Madrid
Universidad Pontificia de Salamanca
1979
|
| Col·lecció: | Colección espirituales españoles. Serie C, 8
|
| Matèries: | |
| Etiquetes: |
Afegir etiqueta
Sense etiquetes, Sigues el primer a etiquetar aquest registre!
|
MARC
| LEADER | 00000nam a2200000 a 4500 | ||
|---|---|---|---|
| 001 | UCX5094 | ||
| 003 | CL-VaPUC | ||
| 008 | 920910e19790000SP |||||||||||||||||spa|d | ||
| 082 | 0 | 4 | |a 248.8942 |b SAI |2 21 |
| 100 | 0 | |a Sáinz Rodríguez, Pedro |e author |9 321419 | |
| 245 | 1 | 3 | |a La siembra mística del Cardenal Cisnero y las reformas en la iglesia |
| 300 | |a 147 p | ||
| 942 | |c BK | ||
| 945 | |d 19920910 00:00:00 | ||
| 260 | |a Madrid |b Universidad Pontificia de Salamanca |c 1979 | ||
| 600 | 0 | 7 | |a JIMENEZ DE CISNEROS, FRANCISCO |2 CL-VaPUC |9 321420 |
| 600 | 0 | |a Iglesia católica |9 255129 | |
| 650 | 7 | |a REFORMA DE LA IGLESIA |2 CL-VaPUC |9 257491 | |
| 583 | |a last modification |c 19920910 00:00:00 |k Rodrigo Vera | ||
| 490 | 0 | |a Colección espirituales españoles. Serie C, 8 | |
| 999 | |c 225436 |d 225434 | ||
| 952 | |0 0 |1 0 |4 0 |6 248_894200000000000_SAI_1979 |7 0 |8 P |9 222939 |a BIBEDU |b BIBEDU |c BIBEDU_PB |d 2019-11-15 |i 2917513 |o 248.8942 SAI 1979 |p 2917513 |r 2024-01-25 |w 2019-11-15 |y BK |k FIL | ||